|
|
|
|
| LEADER |
03112nam a22004213i 4500 |
| 001 |
EBC6422740 |
| 003 |
MiAaPQ |
| 005 |
20231204023215.0 |
| 006 |
m o d | |
| 007 |
cr cnu|||||||| |
| 008 |
231204s2016 xx o ||||0 eng d |
| 020 |
|
|
|a 9783319316161
|q (electronic bk.)
|
| 020 |
|
|
|z 9783319316154
|
| 035 |
|
|
|a (MiAaPQ)EBC6422740
|
| 035 |
|
|
|a (Au-PeEL)EBL6422740
|
| 035 |
|
|
|a (OCoLC)1096915908
|
| 040 |
|
|
|a MiAaPQ
|b eng
|e rda
|e pn
|c MiAaPQ
|d MiAaPQ
|
| 050 |
|
4 |
|a QA10.92-20
|
| 082 |
0 |
|
|a 510.71
|
| 100 |
1 |
|
|a Karp, Alexander.
|
| 245 |
1 |
0 |
|a History of Mathematics Teaching and Learning :
|b Achievements, Problems, Prospects.
|
| 250 |
|
|
|a 1st ed.
|
| 264 |
|
1 |
|a Cham :
|b Springer International Publishing AG,
|c 2016.
|
| 264 |
|
4 |
|c Ã2016.
|
| 300 |
|
|
|a 1 online resource (47 pages)
|
| 336 |
|
|
|a text
|b txt
|2 rdacontent
|
| 337 |
|
|
|a computer
|b c
|2 rdamedia
|
| 338 |
|
|
|a online resource
|b cr
|2 rdacarrier
|
| 490 |
1 |
|
|a ICME-13 Topical Surveys Series
|
| 505 |
0 |
|
|a Intro -- Main Topics You Can Find in This ICME-13 Topical Survey -- Acknowledgments -- Contents -- 1 Introduction -- 2 Survey of the State of the Art -- 2.1 History of Mathematics Education in Relation to Other Academic Disciplines -- 2.2 Methodology -- 2.3 Curricula and Textbooks -- 2.3.1 Formation of National Curricula and Textbooks and the Influence of Foreign Materials -- 2.3.2 Curriculum Formation -- 2.3.3 Pedagogical Changes in Textbooks and Curricula -- 2.3.4 Changes in the Presentation of Specific Topics -- 2.3.5 Specialized Curricula and Textbooks -- 2.3.6 Curricula and Evaluation -- 2.4 Politics, Ideology and Economics of Mathematics Education -- 2.4.1 Who Is Taught Mathematics? -- 2.4.2 Ideology, Economics and Mathematics Education -- 2.4.3 Mathematics Education as an Instrument of Political Reform -- 2.4.4 Mathematics Education in Developing Countries -- 2.4.5 Legislation Governing Mathematics Education -- 2.4.6 Influential Groups in Mathematics Education -- 2.5 Individuals and Organizations in Mathematics Education -- 2.5.1 Prominent and Less Prominent Figures in Mathematics Education -- 2.5.2 Organizations Devoted to Mathematics Education. International Movement -- 2.6 Practices of Mathematics Education -- 2.6.1 Methods of Mathematics Education -- 2.6.2 Tools of Mathematics Education -- 2.6.3 Practices of Informal Mathematics Education -- 2.7 Teacher Training -- 3 Summary and Looking Ahead -- References.
|
| 588 |
|
|
|a Description based on publisher supplied metadata and other sources.
|
| 590 |
|
|
|a Electronic reproduction. Ann Arbor, Michigan : ProQuest Ebook Central, 2023. Available via World Wide Web. Access may be limited to ProQuest Ebook Central affiliated libraries.
|
| 655 |
|
4 |
|a Electronic books.
|
| 700 |
1 |
|
|a Furinghetti, Fulvia.
|
| 776 |
0 |
8 |
|i Print version:
|a Karp, Alexander
|t History of Mathematics Teaching and Learning
|d Cham : Springer International Publishing AG,c2016
|z 9783319316154
|
| 797 |
2 |
|
|a ProQuest (Firm)
|
| 830 |
|
0 |
|a ICME-13 Topical Surveys Series
|
| 856 |
4 |
0 |
|u https://ebookcentral.proquest.com/lib/matrademy/detail.action?docID=6422740
|z Click to View
|